<?xml version="1.0" encoding="UTF-8"?>
<marc:record xmlns:marc="http://www.loc.gov/MARC21/slim">
   <marc:leader>00000nam a2200000 a 4500</marc:leader>
   <marc:datafield ind1="1" ind2=" " tag="100">
      <marc:subfield code="a">Franzke, Sonja</marc:subfield>
      <marc:subfield code="4">aut</marc:subfield>
      <marc:subfield code="e">Verfasser/-in</marc:subfield>
   </marc:datafield>
   <marc:datafield ind1=" " ind2=" " tag="653">
      <marc:subfield code="a">Landeskunde</marc:subfield>
   </marc:datafield>
   <marc:datafield ind1="0" ind2="0" tag="245">
      <marc:subfield code="a">Total - alles über Österreich</marc:subfield>
   </marc:datafield>
   <marc:datafield ind1="0" ind2="0" tag="245">
      <marc:subfield code="b">The complete Austria</marc:subfield>
   </marc:datafield>
   <marc:datafield ind1="0" ind2="0" tag="245">
      <marc:subfield code="c">Sonja Franzke ; in Zusammenarbeit mit Hermann Gummerer &amp; Franziska Maria Hack</marc:subfield>
   </marc:datafield>
   <marc:datafield ind1=" " ind2="1" tag="264">
      <marc:subfield code="a">Wien</marc:subfield>
      <marc:subfield code="b">Folio</marc:subfield>
      <marc:subfield code="c">2013</marc:subfield>
   </marc:datafield>
   <marc:datafield ind1=" " ind2=" " tag="250">
      <marc:subfield code="a">1. Aufl.</marc:subfield>
   </marc:datafield>
   <marc:datafield ind1="1" ind2=" " tag="520">
      <marc:subfield code="a">Sisi, Falco und die Sachertorte gehören zu Österreich wie die Kugel zu Mozart und die Couch zu Freud -aber wussten Sie auch, dass Österreich 18 Nobelpreisträger vorzuweisen hat, 30 % seines Energiebedarfs aus Wasserkraft bezieht oder dass -statistisch gesehen- jeder 33. Feuerwehrmann ist? Nach dem großen Erfolg von Total alles über Südtirol wagen die Buchgestalterinnen von no.parking nun gemeinsam mit Sonja Franzke den Schritt in die rot-weiß-rote Alpenrepublik mit deren sprachlichen, kulinarischen und kulturellen Besonderheiten und Stärken: von der Titelverliebtheit und der Kaffeekultur über das Wiener Schnitzel und die schene Leich bis zum Austropop und allem, was sonst noch Flügel verleiht. Die bestens recherchierten Daten und Fakten stammen von Touristikern, Sprachwissenschaftlern, Volkskundlern und zahlreichen Spezialisten unterschiedlichster Disziplinen. Nützliches und unnützes Wissen über Österreich, Charakteristisches und Skurriles wird in amüsante Schaubilder und bunte Grafiken übersetzt: aufschlussreich, doppelbödig, augenzwinkernd und vor allem unterhaltsam. Alles Walzer!&lt;br/&gt;&lt;br/&gt;(Quelle: Amazon)</marc:subfield>
   </marc:datafield>
   <marc:datafield ind1=" " ind2=" " tag="020">
      <marc:subfield code="a">9783852566306</marc:subfield>
      <marc:subfield code="9">9783852566306</marc:subfield>
   </marc:datafield>
   <marc:datafield ind1=" " ind2=" " tag="041">
      <marc:subfield code="a">ger</marc:subfield>
   </marc:datafield>
   <marc:datafield ind1="1" ind2=" " tag="521">
      <marc:subfield code="a">0</marc:subfield>
   </marc:datafield>
   <marc:datafield ind1=" " ind2=" " tag="300">
      <marc:subfield code="a">128 Seiten</marc:subfield>
   </marc:datafield>
</marc:record>
